000 00308 a2200145 4500
001 48240
020 _a9788538033974
040 _cAnchieta - Aquarius
240 1 0 _aBrincando na selva
_lpor
245 1 0 _aBrincando na selva
300 _a8
362 0 _a2013
650 4 _aLiteratura infantil
942 _cBK
999 _c48240
_d48240